Score 0/25 Timer 10:00
0 Plays Today
% Correct
Up
92.7%
Batman Begins
88.7%
Pirates of the Caribbean: At World's End
86.3%
Deadpool
81.9%
Gravity
78.7%
Maleficent
77.4%
Sin City
76.1%
Romeo + Juliet
75%
X2: X-Men United
73%
Gnomeo & Juliet
72.3%
The Simpsons Movie
69.9%
Django Unchained
61.6%
Van Helsing
59.2%
% Correct
2001: A Space Odyssey
57.8%
Taxi Driver
54.4%
Harry Potter and the Half-Blood Prince
51.6%
Captain America: The Winter Soldier
48.9%
Apocalypse Now
46.3%
Inception
45.9%
Kingsman: The Secret Service
44.4%
Hannibal
39.4%
The Untouchables
34.7%
Pacific Rim
32.7%
Sherlock Holmes: A Game of Shadows
24.5%
Live and Let Die
17.9%

You're not logged in!

Compare scores with friends on all Sporcle quizzes.
OR
Log In

Sporcle TV

Today on Sporcle TV


Watch our educational content, quiz creation guides, and fun videos on Sporcle TV.

Show Comments

Extras

Top Quizzes Today


Score Distribution

Your Account Isn't Verified!

In order to create a playlist on Sporcle, you need to verify the email address you used during registration. Go to your Sporcle Settings to finish the process.

Report this User

Report this user for behavior that violates our Community Guidelines.

Details: